000 00338pam a2200157a 44500
008 230515b1989 xxu||||| |||| 00| 0 eng d
020 _aNULL
041 _aENGLISH
082 _a630
100 _aGARDE R J
245 _aFLUID MECHANICS THROUGH PROBLEMS
250 _a0
260 _aN
_bN/A
_c1989
300 _a660
650 _aNULL
999 _c651211
_d651211